• 首页
  • 本馆介绍
  • 公告通知
  • 最新文献
  • 馆藏检索
  • 电子资源
  • 读者导购
  • 参考咨询
  • 我的图书馆
  • 登录
  • 详细信息显示
  • 放入我的书架
  • 预约/预借图书
  • 作者相关作品
  • 分类相关作品
  • 丛书相关作品
  • 出版社相关作品

书目信息

  • 表格格式
  • 工作单格式
  • 卡片格式
题名:
应用随机过程
    
 
作者: 张波 , 张景肖 编著
分册:  
出版信息: 北京   清华大学出版社  2004
页数: 249页
开本: 23cm
丛书名:
单 册:
中图分类: O211.6
科图分类:
主题词: 随机过程--高等学校--教材 , 随机过程
电子资源:
ISBN: 7-302-08940-X
000 00958nam0 2200277 45
001 060000018064
005 20050920083251.28
010    @a7-302-08940-X@dCNY22.00
100    @a20050107d2004 ekmy0chiy0120 ea
101 0  @achi
102    @aCN@b110000
105    @ay az 000yy
200 1  @a应用随机过程@9ying yong sui ji guo cheng@f张波,张景肖编著@Fzhang bo,zhang jing xiao bian zhu
210    @a北京@c清华大学出版社@d2004
215    @a249页@d23cm
300    @a应用统计学系列教材
300    @a普通高等教育“十五”国家级规划教材
320    @a有书目
330    @a本书内容从入门知识到学术前沿,包括预备知识、随机过程的基本类型、Poisson过程、更新过程、Markov链、鞅、Brown运动、随机积分、随机微分方程及其应用和Levy过程等。
606 0  @a随机过程@x高等学校@j教材
606 0  @a随机过程
690    @aO211.6@v4
701  0 @a张波@Azhang bo@4编著
701  0 @a张景肖@Azhang jing xiao@4编著
801  0 @aCN@bTSSF@c20050920
905    @a10447@dO211.6@e156
    
    应用随机过程/张波,张景肖编著.-北京:清华大学出版社,2004
    249页;23cm
    应用统计学系列教材.-普通高等教育“十五”国家级规划教材
    
    ISBN 7-302-08940-X:CNY22.00
    本书内容从入门知识到学术前沿,包括预备知识、随机过程的基本类型、Poisson过程、更新过程、Markov链、鞅、Brown运动、随机积分、随机微分方程及其应用和Levy过程等。
●
相关链接 在E读中查询图书 在五车中查询图书 在当当中查询图书 在豆瓣中查询图书


正题名:应用随机过程     索取号:O211.6/156         预约/预借

序号 登录号 条形码 馆藏地/架位号 状态 备注
1 0362596   3625964   第二样本阅览室/ [索取号:O211.6/156] 在馆    
2 0362597   3625973   第三借阅区/ [索取号:O211.6/156] 在馆    
3 0362598   3625982   第三借阅区/ [索取号:O211.6/156] 在馆    
唐山师范学院图书馆 欢迎您!
大连网信软件有限公司© 版权所有